000 01090nam a2200289 a 4500
001 76598
003 BD-RjUL
005 20211209082849.0
008 191224s1935 ii 000 0 eng d
035 _aOCLC ocm13598543 from D970416M
035 _a(BD-RjUL)76822
040 _aPAU
_cPAU
_dEQO
_dBD-RjUL
_beng
041 _aeng
082 _223
_a759.954
_bHYG 1935
110 1 _aHyderabad (India : State).
_bArchaeological Department.
_9236822
245 1 0 _aGuide to Ajanta frescoes /
_cHyderabad (India : State). Archaeological Department
250 _aRev. ed.
260 _aHyderabad-Deccan :
_bThe Archaeological Dept., H.E.H. The Nizam's Govt.,
_c1935.
300 _a40 p., [14] leaves of plates :
_bill. (some col.), plans ;
_c25 cm.
500 _a"Fifth edition"--prefatory note.
500 _aPrefatory note signed by G. Yazdani.
650 0 _aBuddhist mural painting and decoration
_zIndia
_zAjanta.
_9236823
651 0 _aAjanta (India)
_xAntiquities.
_9236824
651 0 _aAjanta Caves (India).
_9236825
700 1 _aYazdani, Ghulam,
_d1885-1962.
_9236830
942 _2ddc
_cBK
999 _c76598
_d76598